Normal view
MARC view
- Buckingham, Alan
Entry Personal Name
001 - CONTROL NUMBER
- control field: 88450
003 - CONTROL NUMBER IDENTIFIER
- control field: NUST
005 - DATE AND TIME OF LATEST TRANSACTION
- control field: 20220117152903.0
008 - FIXED-LENGTH DATA ELEMENTS
- fixed length control field: 220117|| aca||aabn | a|a d
040 ## - CATALOGING SOURCE
- Original cataloging agency: NUST
- Transcribing agency: NUST
100 ## - HEADING--PERSONAL NAME
- Personal name: Buckingham, Alan
670 ## - SOURCE DATA FOUND
- Source citation: Work cat.: (NUST): Buckingham, Alan, Grow Vegetables Gardens Yards Balconies Roof Terraces, 2008
